Cekur manis di pinggir bukit

Bibliographic Details
Main Author: A. Wahab Rauf
Format: Book
Published: Selangor : MZ Edu Publications , 2021
Subjects:

MARC

LEADER 00000cam a2200000 7i4500
001 0000086914
005 20211021.0
008 211021
020 |a 9789670911212 
041 0 |a Malay 
090 0 0 |a JF   |b MAL 
100 0 |a A. Wahab Rauf 
245 1 0 |a Cekur manis di pinggir bukit   |c A. Wahab Rauf 
260 |a Selangor :   |b MZ Edu Publications ,   |c 2021 
300 |a 58 p. :   |b ill. ;   |c 19 cm. 
500 |a Children ages 10-12 years old (pink) 
541 0 0 |c Purchased on 2021   |f 202106 MZE   |h RM10.90 
650 0 |a Children's stories   |x Malay 
650 0 |a Malaysian fiction (Malay) 
999 |a 0001661833   |b Book   |c Children Collection   |e Cawangan Taman Universiti 
999 |a 0001661834   |b Book   |c Children Collection   |e Cawangan Bukit Gambir 
999 |a 0001661835   |b Book   |c Children Collection   |e Cawangan Pontian 
999 |a 0001661836   |b Book   |c Children Collection   |e Cawangan Sri Merlong 
999 |a 0001661837   |b Book   |c Children Collection   |e Cawangan Batu Pahat 
999 |a 0001661838   |b Book   |c Children Collection   |e Cawangan Taman Sri Lambak 
999 |a 0001661839   |b Book   |c Children Collection   |e Cawangan Bandar Tenggara 
999 |a 0001661840   |b Book   |c Children Collection   |e Cawangan Kota Tinggi 
999 |a 0001661841   |b Book   |c Children Collection   |e Cawangan Tmn. Ungku Tun Aminah 
999 |a 0001661842   |b Book   |c Children Collection   |e Cawangan Muar 
999 |a 0001661843   |b Book   |c Children Collection   |e Cawangan Tangkak 
999 |a 0001661844   |b Book   |c Children Collection   |e Cawangan Mersing 
999 |a 0001661845   |b Book   |c Children Collection   |e Cawangan Bandar Penawar 
999 |a 0001661846   |b Book   |c Children Collection   |e Cawangan Segamat 
999 |a 0001662095   |b Book   |c Children Collection   |e Perbadanan Perpustakaan Awam Johor 
999 |a 0001662096   |b Book   |c Children Collection   |e Cawangan Urban Transformation Centre 
999 |a 0001662097   |b Book   |c Children Collection   |e Cawangan AEON Kulaijaya